| 000 | 00887nam a2200289Ia 4500 | ||
|---|---|---|---|
| 003 | OSt | ||
| 005 | 20221007122123.0 | ||
| 006 | a|||||r|||| 00| 0 | ||
| 007 | ta | ||
| 008 | 221006b |||||||| |||| 00| 0 eng d | ||
| 020 | _a0195145704 (hbd) | ||
| 024 | _a10533 | ||
| 037 |
_bUnilib, _cTextual |
||
| 040 |
_aPAPL _cPAPL _beng |
||
| 041 |
_2eng _aeng |
||
| 082 | _aB96:643, P2 | ||
| 100 |
_aKatz Jonathan I _9713494 |
||
| 245 | 0 | _aBiggest bangs: The mystery of gamma ray bursts, the most violent explosions in the universe | |
| 260 |
_aNew _bYork Oxford University Press _c2002 |
||
| 300 |
_axi, 218p _ccm. |
||
| 500 | _aAppendix 185-188p; Glossary 189-196p; Index 209-218p | ||
| 650 |
_a Radiation _9170069 |
||
| 650 |
_a Star _9713495 |
||
| 650 | _aAstronomy | ||
| 942 |
_hB96:643, P2 _cTEXL _2CC |
||
| 999 |
_c1209790 _d1209790 |
||